[Event "Idaho Closed"]
[Site "Boise, ID"]
[Date "2007.02.18"]
[Round "4.1"]
[White "Flynn, Patrick M"]
[Black "Morrow, Hans M"]
[Result "1/2-1/2"]
[WhiteElo "1853"]
[BlackElo "1936"]

1. e4 c5 2. c3 d6 3. d4 cxd4 4. cxd4 Nf6 5. Nc3 g6 6. Nf3 Bg7 7. Bb5+ Bd7 8.
Bxd7+ Nfxd7 9. O-O O-O 10. Be3 Nc6 11. Rc1 a6 12. Ng5 h6 13. Nf3 Nf6 14. h3
Rc8 15. Qd2 Kh7 16. Rfd1 b5 17. e5 dxe5 18. dxe5 Qxd2 19. Rxd2 Ng8 20. Bf4 g5
21. Bh2 Na5 22. b3 f5 23. Nd4 Rfd8 24. f4 Nc6 25. Nf3 Rxd2 26. Nxd2 Nd4 27.
Kf2 gxf4 28. Bxf4 Ne6 29. g3 Nxf4 30. gxf4 e6 31. Ne2 Rxc1 32. Nxc1 Bf8 33.
Nd3 Kg7 34. b4 Kf7 35. Nb3 Ne7 36. Nbc5 Nd5 37. Nxa6 Nc3 38. Nc7 Nxa2 39. Nxb5
{#d} 1/2-1/2

[Event "Idaho Closed"]
[Site "Boise, ID"]
[Date "2007.02.18"]
[Round "4.4"]
[White "Blackwell, Charles"]
[Black "Buckendorf Jr., Glen"]
[Result "1-0"]
[WhiteElo "1444"]
[BlackElo "1800"]

1. e4 c5 2. Nf3 Nc6 3. d4 cxd4 4. Nxd4 d6 5. Nc3 e6 6. Be3 Be7 7. Qd2 Nf6 8.
Be2 a6 9. g4 Qc7 10. g5 Nd7 11. O-O-O Nce5 12. b3 b6 13. f4 Nc6 14. f5 e5 15.
Nf3 Bb7 16. Nd5 Qd8 17. h4 Nc5 18. Bd3 Nxd3+ 19. Qxd3 b5 20. Bb6 Qd7 21. Nc7+
Kf8 22. Nxa8 Bxa8 23. Qc3 Qb7 24. Be3 f6 25. gxf6 gxf6 26. Qe1 Kf7 27. Rg1 Qc8
28. Rg4 h5 29. Rg6 Rh7 30. Qe2 Bf8 31. Rdg1 Nb4 32. Bg5 fxg5 33. Nxg5+ Ke8 34.
Nxh7 Kd7 35. Nxf8+ Qxf8 36. Kb2 Kc6 37. Qd2 a5 38. Rxd6+ Kc7 39. Rd7+ Kc8 40.
Rgg7 Bxe4 41. Qh6 Bxf5 42. Rc7+ Kb8 43. Rb7+ Ka8 44. Ra7+ Kb8 45. Rgb7+ Kc8
46. Qxf8# 1-0

[Event "Idaho Closed"]
[Site "Boise, ID"]
[Date "2007.02.19"]
[Round "5.3"]
[White "Powers, Bobby C"]
[Black "Taylor, Daniel A"]
[Result "1/2-1/2"]
[WhiteElo "1716"]
[BlackElo "1866"]

1. e4 e5 2. Nf3 Nc6 3. Bb5 a6 4. Ba4 Nf6 5. O-O Be7 6. Re1 b5 7. Bb3 O-O 8. d3
d6 9. h3 Be6 10. Nc3 Qd7 11. Bg5 Na5 12. Bxf6 Bxf6 13. Nd5 Bxd5 14. Bxd5 c6
15. Bb3 Rfe8 16. c3 d5 17. exd5 cxd5 18. Re2 Rad8 19. Qc2 Qf5 20. Rae1 h6 21.
Nh2 Nxb3 22. axb3 h5 23. Nf1 Qf4 24. d4 e4 25. Qd2 Qf5 26. Ng3 Qg6 27. Qf4 h4
28. Nf5 Bg5 29. Qg4 Qf6 30. Ne3 g6 31. f3 exf3 32. gxf3 Re6 33. Ng2 Rde8 34.
Rxe6 Rxe6 35. Rxe6 fxe6 36. f4 Bh6 37. Nxh4 Bxf4 38. Nxg6 Be3+ 39. Kg2 Qf2+
40. Kh1 Qe1+ 41. Kh2 Qd2+ 42. Qg2 Qxg2+ 43. Kxg2 Bc1 44. Kf3 Bxb2 45. Nf4 Bxc3
46. Nxe6 a5 47. Ke3 a4 48. Kd3 Bb2 49. bxa4 bxa4 50. Kc2 a3 51. Kb3 Kf7 52.
Nc7 Bxd4 53. Kxa3 Kg6 54. Nxd5 Kg5 55. Kb4 Kh4 56. Nf4 Be5 57. Ng6+ Kxh3 {#d}
1/2-1/2

[Event "Idaho Closed"]
[Site "Boise, ID"]
[Date "2007.02.19"]
[Round "5.6"]
[White "Parsons, Larry R"]
[Black "Harmon-Vellotti, Carl Honor"]
[Result "1-0"]
[WhiteElo "2081"]
[BlackElo "1185"]

1. c4 e5 2. g3 Nf6 3. Bg2 Nc6 4. Nc3 Bc5 5. d3 d6 6. Nf3 Be6 7. O-O Qd7 8. Ng5
h6 9. Nxe6 fxe6 10. Na4 Bb6 11. Bd2 Rf8 12. e3 O-O-O 13. b4 Rf7 14. Bc3 g5 15.
c5 dxc5 16. bxc5 Ba5 17. Bxc6 bxc6 18. Bxa5 Qxd3 19. Qxd3 Rxd3 20. Nc3 Nd5 21.
Nxd5 exd5 22. Rfd1 Ra3 23. Bb4 Ra4 24. a3 a5 25. Be1 {#r} 1-0

[Event "Idaho Closed"]
[Site "Boise, ID"]
[Date "2007.02.19"]
[Round "6.2"]
[White "Flynn, Patrick M"]
[Black "Blackwell, Charles"]
[Result "1-0"]
[WhiteElo "1853"]
[BlackElo "1444"]

1. e4 Nc6 2. d4 d6 3. Bb5 Bd7 4. Nf3 g6 5. O-O Nf6 6. Nc3 Bg7 7. Be3 O-O 8.
Qd2 a6 9. Bxc6 Bxc6 10. d5 Bd7 11. Ng5 c6 12. f4 Ng4 13. Bd4 f6 14. Ne6 Bxe6
15. dxe6 c5 16. Be3 Nxe3 17. Qxe3 f5 18. e5 dxe5 19. fxe5 Qd4 20. Qxd4 cxd4
21. Nd5 Bxe5 22. Nb6 d3 23. Nxa8 Rxa8 24. cxd3 Rd8 25. Rfd1 Bd4+ 26. Kf1 Rd6
27. Rab1 Rxe6 28. Re1 Kf7 29. Rxe6 Kxe6 30. Re1+ Kd6 31. b3 e5 32. Rc1 Kd7 33.
Ke2 g5 34. h3 h5 35. Kf3 b6 36. g4 hxg4+ 37. hxg4 fxg4+ 38. Kxg4 Bc5 39. Re1
Bd4 40. Kxg5 Kc6 41. Kf5 Kd5 42. Rc1 a5 43. Rc8 Bc5 44. Rd8+ Bd6 45. a4 Kc6
46. Ke6 Bc7 47. Rc8 Kb7 48. Rxc7+ Kxc7 49. Kxe5 {#r} 1-0

[Event "Idaho Closed"]
[Site "Boise, ID"]
[Date "2007.02.19"]
[Round "6.3"]
[White "Taylor, Daniel A"]
[Black "Parsons, Larry R"]
[Result "1-0"]
[WhiteElo "1866"]
[BlackElo "2081"]

1. e4 g6 2. d4 d6 3. Nc3 Nf6 4. f3 Bg7 5. Be3 O-O 6. Qd2 h5 7. h3 e5 8. d5 Nh7
9. h4 f5 10. g3 Nd7 11. Be2 Bf6 12. exf5 gxf5 13. O-O-O f4 14. Bf2 fxg3 15.
Bxg3 Rf7 16. f4 exf4 17. Bxf4 Bxh4 18. Be3 Ne5 19. Bxh5 Rf5 20. Be2 Bg5 21.
Nh3 Bf6 22. Rdg1+ Kf7 23. Nf4 Ng5 24. Bh5+ Ke7 25. Ng6+ Kd7 26. Nxe5+ Rxe5 27.
Bf4 Ne4 28. Nxe4 Rxe4 29. Bg4+ Ke8 30. Bxc8 {#r} 1-0

[Event "Idaho Closed"]
[Site "Boise, ID"]
[Date "2007.02.19"]
[Round "6.11"]
[White "Buckendorf Jr., Glen"]
[Black "Harmon-Vellotti, Carl Honor"]
[Result "1/2-1/2"]
[WhiteElo "1800"]
[BlackElo "1185"]

1. e4 e5 2. Nf3 Nc6 3. Bb5 a6 4. Ba4 Nf6 5. d3 Be7 6. Bxc6 dxc6 7. Nxe5 O-O 8.
Nc3 Bd6 9. Nf3 Qe7 10. O-O Bg4 11. Bg5 Bb4 12. Qd2 Bxf3 13. gxf3 Qd6 14. f4
Bxc3 15. Qxc3 Nh5 16. Qd2 h6 17. Bh4 Qxf4 18. Qxf4 Nxf4 19. f3 f5 20. Rae1
Rae8 21. Bg3 Ne6 22. h4 {#d} 1/2-1/2

[Event "Idaho Open"]
[Site "Pocatello, ID"]
[Date "2007.03.31"]
[Round "1.2"]
[White "Zumbrunnen, Randy D"]
[Black "Owen, Gary"]
[Result "1/2-1/2"]
[WhiteElo "2010"]
[BlackElo "1555"]

1. e4 e6 2. d4 c5 3. d5 Nf6 4. Nc3 d6 5. g3 e5 6. Bg2 Be7 7. h3 O-O 8. Nf3
Nbd7 9. O-O Nb6 10. a4 a5 11. Qe2 Bd7 12. Kh2 h6 13. Nb5 Bxb5 14. axb5 Nbd7
15. Nh4 Nh7 16. Nf5 Re8 17. Qg4 g6 18. Nxh6+ Kg7 19. Nf5+ Kh8 20. Nxe7 Qxe7
21. c4 b6 22. Bd2 Ndf6 23. Qe2 g5 24. Rae1 Rg8 25. f4 gxf4 26. gxf4 Nd7 27.
fxe5 Nxe5 28. Qh5 Rg6 29. Bc3 Rag8 30. Bh1 f6 31. Rf5 Qg7 32. Qe2 Rg1 33. Qf2
Rxe1 34. Qxe1 Nxc4 35. Qf2 Ne5 36. Bxe5 fxe5 37. Bf3 Rf8 38. Bg4 Rxf5 39. Bxf5
Qf6 40. h4 Nf8 41. Qg3 Qg7 42. Qg5 Qxg5 43. hxg5 Kg7 44. Kg3 Ng6 45. Kf2 Nf4
46. Ke3 Ng2+ 47. Kd2 Nh4 48. Bg4 Kg6 49. Ke3 Kxg5 50. Bd1 Ng6 51. Be2 Nf4 52.
Bd1 Ng2+ 53. Kd3 Ne1+ 54. Ke3 Ng2+ 55. Kf3 Nf4 56. Ke3 {#d} 1/2-1/2

[Event "Idaho Open"]
[Site "Pocatello, ID"]
[Date "2007.03.31"]
[Round "1.3"]
[White "Vander Sys, Sean R"]
[Black "Morrow, Hans M"]
[Result "0-1"]
[WhiteElo "1551"]
[BlackElo "1936"]

1. Nf3 Nf6 2. g3 g6 3. Bg2 Bg7 4. O-O Nc6 5. d4 d5 6. c4 e6 7. cxd5 exd5 8.
Nc3 O-O 9. Bg5 h6 10. Bxf6 Bxf6 11. Qd2 Kg7 12. Rac1 Re8 13. Rfd1 a6 14. Ne5
Be6 15. f4 Ne7 16. e4 c6 17. Na4 dxe4 18. b3 Bxe5 19. dxe5 Qxd2 20. Rxd2 e3
21. Rd3 Nf5 22. Bf3 Rad8 23. Rcd1 Rxd3 24. Rxd3 Bd5 25. Bxd5 cxd5 26. g4 Rc8
27. Nc3 Ne7 28. Ne2 Rc2 29. Rxe3 Rxa2 30. Kf2 d4 31. Rd3 Nd5 32. Kf3 Rxe2 33.
Kxe2 Nxf4+ 34. Kd2 Nxd3 35. Kxd3 Kf8 36. Kxd4 Ke7 37. Kd5 Kd7 38. h3 b5 39.
Kc5 Kc7 40. h4 g5 41. h5 Kd7 42. Kb6 Ke6 43. Kxa6 Kxe5 44. Kxb5 f5 45. gxf5 g4
46. Kc6 g3 47. b4 g2 48. b5 g1=Q 49. b6 Qg2+ 50. Kc7 Qg7+ 51. Kc6 Qf6+ 52. Kb5
Qd6 {#R} 0-1

[Event "Idaho Open"]
[Site "Pocatello, ID"]
[Date "2007.03.31"]
[Round "2.4"]
[White "Harmon-Vellotti, Carl Honor"]
[Black "Zumbrunnen, Randy D"]
[Result "0-1"]
[WhiteElo "1204"]
[BlackElo "2010"]

1. e4 c5 2. Nf3 Nc6 3. d4 cxd4 4. Nxd4 Nf6 5. Nc3 e5 6. Nf3 Bb4 7. Bd2 d6 8.
Bd3 Bg4 9. h3 Bh5 10. g4 Bg6 11. Qe2 O-O 12. O-O-O Nd4 13. Qe3 Bc5 14. Nxd4
exd4 15. Qe2 dxc3 16. Bxc3 Rc8 17. f3 a6 18. h4 h6 19. g5 hxg5 20. hxg5 Nh5
21. Qh2 Qxg5+ 22. Bd2 Be3 23. Qe2 Bxd2+ 24. Rxd2 d5 25. Re1 dxe4 26. fxe4 {#R}
0-1

[Event "Idaho Open"]
[Site "Pocatello, ID"]
[Date "2007.03.31"]
[Round "3.1"]
[White "Zumbrunnen, Randy D"]
[Black "Chi, Alvin"]
[Result "1-0"]
[WhiteElo "2010"]
[BlackElo "1764"]

1. e4 e5 2. Nc3 Nc6 3. g3 Nf6 4. Bg2 Bc5 5. Nge2 d6 6. h3 Be6 7. Na4 Bb6 8.
Nxb6 axb6 9. O-O Qd7 10. Kh2 d5 11. exd5 Bxd5 12. Bxd5 Nxd5 13. d4 O-O 14. c4
Nf6 15. d5 Ne7 16. Nc3 Nf5 17. Bg5 Ne8 18. Qg4 f6 19. Bd2 Ned6 20. b3 Qe7 21.
Rae1 Rfe8 22. f4 e4 23. Be3 Nxe3 24. Rxe3 f5 25. Qd1 Red8 26. a4 Qf6 27. Rf2
c5 28. Rg2 Kh8 29. Ne2 Rg8 30. Qe1 g6 31. g4 Rae8 32. Qg1 Rg7 33. g5 Qe7 34.
Qa1 Ra8 35. Qb2 Kg8 36. h4 Kf7 37. Ng1 h5 38. gxh6 Qxh4+ 39. Rh3 Qxf4+ 40.
Rgg3 Rh7 41. Ne2 Qf2+ 42. Rg2 Qe1 43. Qe5 Rd8 44. Qe6+ Kf8 45. Qxg6 Rf7 46. h7
Ke7 47. Qe6+ {#r} 1-0

[Event "Idaho Open"]
[Site "Pocatello, ID"]
[Date "2007.04.01"]
[Round "4.5"]
[White "Morrow, Hans M"]
[Black "Chi, Alvin"]
[Result "1-0"]
[WhiteElo "1936"]
[BlackElo "1764"]

1. d4 Nf6 2. c4 g6 3. Nc3 Bg7 4. e4 d6 5. f3 O-O 6. Be3 e5 7. d5 c5 8. Qd2 Na6
9. a3 Bd7 10. Bd3 Nh5 11. Nge2 f5 12. exf5 gxf5 13. Bg5 Qe8 14. Nb5 Bxb5 15.
cxb5 Nc7 16. Nc3 Qd7 17. O-O Qf7 18. g4 fxg4 19. fxg4 Nf4 20. Bxf4 exf4 21.
Bc4 Bd4+ 22. Kh1 Rae8 23. Rae1 Be3 24. Qd3 Rd8 25. Ne4 Qg7 26. Re2 Kh8 27. h3
Ne8 28. g5 Qg6 29. Rxe3 Ng7 30. Ref3 Nh5 31. h4 Rde8 32. Qc3+ Re5 33. Bd3 c4
34. Qxc4 Qf5 35. Nf6 Qc8 36. Qxc8 Rxc8 37. Nxh5 Rxd5 38. Rxf4 h6 39. Rf8+ {#r}
1-0

[Event "Idaho Open"]
[Site "Pocatello, ID"]
[Date "2007.04.01"]
[Round "5.1"]
[White "Vellotti, Daniel J"]
[Black "Zumbrunnen, Randy D"]
[Result "0-1"]
[WhiteElo "1751"]
[BlackElo "2010"]

1. e4 c5 2. Nc3 Nc6 3. f4 g6 4. Nf3 Bg7 5. Be2 e6 6. d3 Nge7 7. O-O d5 8. e5
O-O 9. Re1 Rb8 10. Bf1 b5 11. d4 c4 12. Be3 Bd7 13. Bf2 Re8 14. Bh4 Qc7 15.
Bxe7 Nxe7 16. Ne2 b4 17. Qd2 Rec8 18. c3 a5 19. Reb1 Bf8 20. g4 h6 21. h4 Rb6
22. Qc1 Rcb8 23. Nd2 Nc6 24. Kf2 Be7 25. g5 hxg5 26. hxg5 Qa7 27. Kg3 a4 28.
Bg2 a3 29. bxa3 bxc3 30. Rxb6 Rxb6 31. Qxc3 Bxa3 32. Rb1 Bb4 33. Qb2 Ra6 34.
Nxc4 Rxa2 35. Qb3 Rxe2 36. Bf3 Ra2 37. Nd6 Ra3 38. Qb2 Bxd6 39. exd6 Nxd4 40.
Rh1 Rxf3+ 41. Kg2 Rb3 {#R} 0-1

[Event "ICA Sumr Classic"]
[Site "Twin Falls, ID"]
[Date "2007.07.14"]
[Round "1.1"]
[White "Harmon-Vellotti, Carl Honor"]
[Black "Zumbrunnen, Randy D"]
[Result "1-0"]
[WhiteElo "1379"]
[BlackElo "2008"]

1. c4 e5 2. Nc3 Nc6 3. g3 g6 4. Bg2 Bg7 5. d3 d6 6. e3 f5 7. f4 Nf6 8. Nf3 O-O
9. O-O h6 10. Rb1 Be6 11. b4 a6 12. a4 Rb8 13. b5 axb5 14. axb5 Ne7 15. fxe5
Ng4 16. exd6 Qxd6 17. Qc2 Rfd8 18. Rd1 Qc5 19. Na4 Qa7 20. d4 Ra8 21. Nc5 Bf7
22. h3 Nf6 23. Ne5 Rab8 24. Bb2 Qb6 25. Ba3 Nc8 26. Ra1 Bf8 27. Bb4 Bxc5 28.
Bxc5 Qe6 29. Ra4 Be8 30. Rda1 Kh7 31. Ra8 Rxa8 32. Rxa8 Nd7 33. Nxd7 Qxe3+ 34.
Kh2 Bxd7 35. Bxb7 f4 36. Qg2 fxg3+ 37. Qxg3 Qe2+ 38. Bg2 Bf5 39. Qxc7+ Rd7 40.
Qxc8 {#r} 1-0

[Event "SIO"]
[Site "Jackpot, NV"]
[Date "2007.11.10"]
[Round "1.1"]
[White "Harmon-Vellotti, Luke"]
[Black "Zumbrunnen, Randy D"]
[Result "1/2-1/2"]
[WhiteElo "1685"]
[BlackElo "2000"]

1. e4 c5 2. Nf3 Nc6 3. d4 cxd4 4. Nxd4 Nf6 5. Nc3 e5 6. Ndb5 d6 7. Bg5 a6 8.
Bxf6 gxf6 9. Na3 f5 10. Bc4 fxe4 11. Qh5 d5 12. Bxd5 Qc7 13. O-O Bg7 14. Nxe4
O-O 15. Rad1 h6 16. c3 Ne7 17. Bb3 Bf5 18. Nd6 Bg6 19. Qf3 Rab8 20. Nac4 Kh7
21. Rfe1 Nc6 22. Nf5 Na5 23. Nxa5 Qxa5 24. Nxg7 Kxg7 25. Qd5 Qxd5 26. Rxd5 e4
27. g4 Rfe8 28. Rd7 Red8 29. Red1 Rxd7 30. Rxd7 Kf6 31. Bd5 b6 32. Kf1 Kg5 33.
Bxf7 Bxf7 34. Rxf7 Kxg4 35. Rf6 h5 36. Re6 Kf5 37. Rh6 Kg5 38. Re6 Kf5 {#d}
1/2-1/2

[Event "SIO"]
[Site "Jackpot, NV"]
[Date "2007.11.10"]
[Round "1.2"]
[White "Morrow, Hans M"]
[Black "Harmon-Vellotti, Carl Honor"]
[Result "1-0"]
[WhiteElo "1900"]
[BlackElo "1579"]

1. c4 e5 2. Nc3 Nc6 3. g3 g6 4. Bg2 Bg7 5. Nf3 f5 6. e4 d6 7. O-O Nf6 8. d3
O-O 9. Bg5 h6 10. Bxf6 Rxf6 11. Nd5 Rf8 12. exf5 Bxf5 13. Nh4 Qd7 14. Nxf5
gxf5 15. Rb1 Rab8 16. f4 Ne7 17. Qh5 c6 18. Nxe7+ Qxe7 19. Rbe1 Qf7 20. Qxf7+
Rxf7 21. b4 Re8 22. b5 c5 23. Bd5 Ree7 24. fxe5 Bxe5 25. Rxf5 Kg7 26. Rxf7+
Rxf7 27. Bxf7 Kxf7 28. Kf2 Kf6 29. Kf3 h5 30. Re4 Kf5 31. h4 Bf6 32. g4+ hxg4+
33. Rxg4 Ke6 34. Ke4 Bd4 35. h5 Kf7 36. h6 Ba1 37. Kd5 Ke7 38. Rg8 {#r} 1-0

[Event "SIO"]
[Site "Jackpot, NV"]
[Date "2007.11.10"]
[Round "3.2"]
[White "Morrow, Hans M"]
[Black "Zumbrunnen, Randy D"]
[Result "0-1"]
[WhiteElo "1900"]
[BlackElo "2000"]

1. c4 e5 2. Nc3 Nc6 3. g3 g6 4. Bg2 Bg7 5. Nf3 d6 6. e4 f5 7. d3 Nf6 8. Bg5 h6
9. Bxf6 Qxf6 10. Nd5 Qf7 11. exf5 gxf5 12. O-O O-O 13. Rb1 Be6 14. Nd2 f4 15.
gxf4 exf4 16. Re1 Nd4 17. Nb3 f3 18. Bf1 Ne2+ 19. Rxe2 fxe2 20. Qxe2 Bxd5 21.
cxd5 Rae8 22. Qd2 Qh5 23. Re1 Rxe1 24. Qxe1 Be5 25. h3 Qg6+ 26. Kh1 Kh8 27.
Nd2 Qf5 28. Ne4 Qf4 29. Ng3 Qxf2 30. Qc1 Qxg3 31. Qxh6+ Kg8 32. Qe6+ Kg7 {#R}
0-1

[Event "Idaho Open (Open)"]
[Site "Pocatello, ID"]
[Date "2008.04.05"]
[Round "1.2"]
[White "Chen, Tony X"]
[Black "Treiman, Scott"]
[Result "1-0"]
[WhiteElo "1934"]
[BlackElo "1662"]

1. f4 d5 2. Nf3 Nf6 3. e3 g6 4. d4 Bg7 5. c3 O-O 6. Bd3 Nbd7 7. O-O c5 8. Ne5
e6 9. Nd2 b6 10. Ndf3 Ne4 11. Qc2 f5 12. Bd2 c4 13. Be2 Nxe5 14. Nxe5 Bd7 15.
Bf3 Qe7 16. Be1 a5 17. Bxe4 fxe4 18. Bh4 Qd6 19. Qe2 Bxe5 20. fxe5 Qc7 21. Bf6
b5 22. Qg4 b4 23. Qh4 Rf7 24. Rf4 Be8 25. Qh6 a4 26. a3 bxc3 27. bxc3 Rb8 28.
Rg4 Rd7 29. Rf1 Rg7 30. h4 Rb3 31. h5 Rxc3 32. Rgf4 g5 33. Rg4 Rxe3 34. Bxg7
Qxg7 35. Qxe6+ Bf7 36. Qc8+ Qf8 37. Rxg5+ Bg6 {#r} 1-0

[Event "Idaho Open (Open)"]
[Site "Pocatello, ID"]
[Date "2008.04.05"]
[Round "1.3"]
[White "Sauer, Gary A"]
[Black "Morrow, Hans M"]
[Result "1/2-1/2"]
[WhiteElo "1600"]
[BlackElo "1900"]

1. e4 c5 2. Nf3 d6 3. d4 cxd4 4. Nxd4 Nf6 5. Nc3 a6 6. Be2 e6 7. O-O Be7 8.
Be3 Nc6 9. Bf3 Ne5 10. Be2 O-O 11. f4 Nc6 12. Bf3 Qc7 13. Nde2 Rb8 14. Ng3 b5
15. Nce2 e5 16. Kh1 Ng4 17. Bd2 Qb6 18. Bxg4 Bxg4 19. h3 Bxe2 20. Nxe2 Rbc8
21. c3 a5 22. f5 b4 23. Rf3 bxc3 24. Bxc3 Nb4 25. a3 Na6 26. Ng3 Nc5 27. b4
axb4 28. Bxb4 Nd7 29. Rd3 Rc6 30. Ne2 Nf6 31. Nc3 Rfc8 32. Nd5 Nxd5 33. Rxd5
Qe3 34. Qg4 h5 35. Qf3 Qxf3 36. gxf3 g5 37. fxg6 fxg6 38. Rad1 Kf7 39. Bxd6
Bxd6 40. Rxd6 Rxd6 41. Rxd6 Rc3 42. a4 Rxf3 43. Kg2 Ra3 44. Ra6 h4 45. a5 Kg7
46. Ra8 Kf6 47. a6 Kg5 48. a7 Ra2+ 49. Kf3 Ra3+ 50. Kg2 Ra2+ 51. Kf3 Ra3+ 52.
Kg2 {#d} 1/2-1/2

[Event "Idaho Open (Open)"]
[Site "Pocatello, ID"]
[Date "2008.04.05"]
[Round "1.4"]
[White "Hoisington, Steve"]
[Black "Vander Sys, Sean R"]
[Result "1-0"]
[WhiteElo "1814"]
[BlackElo "1549"]

1. d4 Nf6 2. c4 c5 3. Nf3 cxd4 4. Nxd4 Nc6 5. Nc3 e6 6. e3 a6 7. Be2 Be7 8.
O-O O-O 9. a3 Qc7 10. b3 Rd8 11. Bb2 d5 12. cxd5 Nxd5 13. Nxd5 exd5 14. Qc2
Bd7 15. Rac1 Qb6 16. Rfd1 Rac8 17. Nxc6 Rxc6 18. Bd4 Rxc2 19. Bxb6 Rdc8 20.
Rxc2 Rxc2 21. Bf3 Bc6 22. g3 Bxa3 23. Bxd5 Rc1 24. Rxc1 Bxc1 25. Bxc6 bxc6 26.
Kf1 Kf8 27. Bc5+ Ke8 28. Ke2 Kd7 29. Kd3 Bb2 30. Bd4 Bxd4 31. Kxd4 Kd6 32. e4
c5+ 33. Kd3 g5 34. f4 gxf4 35. gxf4 h5 36. h4 f6 37. Kc4 Kc6 38. e5 fxe5 39.
fxe5 a5 40. e6 Kd6 41. e7 Kxe7 42. Kxc5 Kf6 43. Kb5 Kf5 44. Kxa5 Kg4 45. b4
Kxh4 46. b5 Kg3 47. b6 h4 48. b7 h3 49. b8=Q+ Kg2 50. Qg8+ Kf2 51. Qf7+ Kg2
52. Qg6+ Kf2 53. Qf5+ Kg3 54. Qf1 {#r} 1-0

[Event "Idaho Open (Open)"]
[Site "Pocatello, ID"]
[Date "2008.04.05"]
[Round "1.8"]
[White "Derryberry, DeWayne R"]
[Black "Abderhalden, Katherine Louise"]
[Result "1/2-1/2"]
[WhiteElo "1809"]
[BlackElo "1199"]

1. d4 Nf6 2. c4 e6 3. Nc3 d5 4. Bg5 c5 5. cxd5 exd5 6. e3 Be6 7. Nge2 Nc6 8.
Nf4 Be7 9. Nxe6 fxe6 10. Be2 O-O 11. O-O c4 12. f4 Qc7 13. Rc1 Rfb8 14. Bf3
Qd7 15. Bxf6 Bxf6 16. f5 exf5 17. Bxd5+ Kh8 18. Bxc4 Re8 19. Nd5 Bg5 20. Qd3
Rad8 21. Nf4 Nb4 22. Qb3 Nc6 23. Bb5 Nxd4 24. exd4 Qxd4+ 25. Kh1 Bxf4 26. Rc4
Qe5 27. Bxe8 Rxe8 28. Rcxf4 Qxf4 {#d} 1/2-1/2

[Event "Idaho Open (Open)"]
[Site "Pocatello, ID"]
[Date "2008.04.05"]
[Round "2.3"]
[White "Morrow, Hans M"]
[Black "Pinedo, Javier A"]
[Result "1-0"]
[WhiteElo "1900"]
[BlackElo "1761"]

1. e4 e5 2. Nf3 Nc6 3. Bb5 a6 4. Ba4 b5 5. Bb3 Bc5 6. c3 Qf6 7. O-O d6 8. d4
exd4 9. Bg5 Qg6 10. cxd4 Nxd4 11. Nxd4 Qxg5 12. Nf3 Qh5 13. e5 Ne7 14. Nbd2
O-O 15. Ne4 Bb7 16. Re1 Rad8 17. Qc2 Bb6 18. exd6 cxd6 19. Ng3 Qg4 20. Rxe7
Bxf3 21. gxf3 Qxf3 22. Qe2 Qf6 23. Re1 Ba5 24. Rf1 Bb4 25. Kg2 d5 26. Re5 d4
27. Rf5 d3 28. Qe4 Qxb2 29. Qxb4 d2 30. Bxf7+ Rxf7 31. Qxb2 d1=Q 32. Rxd1 {#r}
1-0

[Event "Idaho Open (Open)"]
[Site "Pocatello, ID"]
[Date "2008.04.05"]
[Round "3.2"]
[White "Morrow, Hans M"]
[Black "Owen, Gary"]
[Result "1-0"]
[WhiteElo "1900"]
[BlackElo "1511"]

1. e4 e5 2. Nf3 Nf6 3. Nc3 Nc6 4. d3 Bb4 5. Bd2 d6 6. a3 Bxc3 7. Bxc3 O-O 8.
Be2 Bd7 9. h3 Ne7 10. Nh2 Ng6 11. Bd2 h6 12. Bf3 Nh4 13. Qe2 Nxf3+ 14. Nxf3 c5
15. g4 g5 16. Nh2 Nh7 17. O-O-O a5 18. h4 f6 19. Nf1 b5 20. hxg5 hxg5 21. Ne3
b4 22. Qf3 Qe7 23. Rh6 Rf7 24. Rdh1 Be6 25. Nf5 Bxf5 26. exf5 Ra7 27. Qd5 Kf8
28. a4 Ke8 29. Rxh7 Rxh7 30. Qg8+ Qf8 31. Qg6+ Rhf7 32. Bxg5 Qg7 33. Qxg7 Rxg7
34. Bxf6 Rh7 35. Rf1 Rh2 36. Kd2 Rah7 37. Ke2 Rh1 38. g5 Rxf1 39. Kxf1 Rh4 40.
g6 {#r} 1-0

[Event "Idaho Open (Open)"]
[Site "Pocatello, ID"]
[Date "2008.04.05"]
[Round "3.3"]
[White "Treiman, Scott"]
[Black "Hoisington, Steve"]
[Result "0-1"]
[WhiteElo "1662"]
[BlackElo "1814"]

1. d4 d5 2. c4 c6 3. Nc3 Nf6 4. Nf3 e6 5. Bg5 Be7 6. e3 Nbd7 7. Bd3 dxc4 8.
Bxc4 Nd5 9. Bxe7 Qxe7 10. O-O O-O 11. Rc1 N5b6 12. Bd3 e5 13. e4 exd4 14. Nxd4
Ne5 15. f4 Nxd3 16. Qxd3 Be6 17. Qg3 Rad8 18. f5 Qd6 19. Qxd6 Rxd6 20. fxe6
Rxd4 21. exf7+ Rxf7 22. Rxf7 Kxf7 23. Rd1 Rxd1+ 24. Nxd1 Ke6 25. Kf2 Ke5 26.
Ke3 Nc4+ 27. Kd3 Nd6 28. Nf2 h5 29. b3 Nb5 30. Ke3 Nc7 31. Nd3+ Kf6 32. h4 Ne6
33. b4 b6 34. g3 g5 35. a4 g4 36. Nb2 c5 37. bxc5 bxc5 38. Nc4 Nd4 39. a5 Nc6
40. Kf4 Nd4 41. Ke3 a6 42. Kd3 Ke6 43. Ke3 Nc6 44. Kf4 Kf6 45. e5+ Ke6 46. Ke4
Nd4 47. Nd2 Ne2 48. Nf1 Nc1 49. Nd2 Na2 50. Nb3 Nc3+ 51. Kd3 Na4 52. Ke4 c4
53. Nd4+ Kd7 54. Kd5 c3 55. e6+ Ke7 56. Ke5 Nc5 57. Nc6+ Ke8 58. Nd4 Nb7 59.
Kf6 Nxa5 60. Kg5 Nc6 61. Kxh5 Nxd4 62. Kg6 c2 63. h5 c1=Q 64. h6 Nxe6 65. h7
Nf8+ 66. Kg7 Nxh7 67. Kxh7 Kf7 68. Kh8 Qh6# 0-1

[Event "Idaho Open (Open)"]
[Site "Pocatello, ID"]
[Date "2008.04.06"]
[Round "4.2"]
[White "Hoisington, Steve"]
[Black "Morrow, Hans M"]
[Result "1/2-1/2"]
[WhiteElo "1814"]
[BlackElo "1900"]

1. d4 Nf6 2. c4 e6 3. g3 Bb4+ 4. Bd2 Be7 5. Bg2 d5 6. Nf3 Nbd7 7. O-O O-O 8.
Qc2 c6 9. cxd5 exd5 10. Nc3 Re8 11. Bg5 h6 12. Bxf6 Nxf6 13. a3 Bd6 14. b4 Ne4
15. e3 Nxc3 16. Qxc3 Bf5 17. Qb3 Qd7 18. a4 Be4 19. Nd2 Bxg2 20. Kxg2 h5 21.
b5 a5 22. bxc6 bxc6 23. Qc2 h4 24. Rfc1 h3+ 25. Kg1 Bb4 26. Nf3 Qg4 27. Qd1
Rac8 28. Ne1 Qe4 29. Qf3 Bxe1 30. Qxe4 Bxf2+ 31. Kxf2 Rxe4 32. Rc5 Re6 33.
Rxa5 Rb8 34. Ra2 Rb3 35. Ra8+ Kh7 36. a5 Rexe3 37. a6 Rf3+ 38. Ke2 Rbe3+ 39.
Kd2 Rf2+ 40. Kxe3 Rxa2 41. a7 g5 42. g4 Kg7 43. Kf3 Ra3+ 44. Kf2 Kf6 45. Ke2
Ke7 46. Kf2 Ra2+ 47. Kg3 Ra3+ 48. Kf2 Kf6 49. Ke2 Kg7 50. Kf2 {#d} 1/2-1/2

[Event "Idaho Open (Open)"]
[Site "Pocatello, ID"]
[Date "2008.04.06"]
[Round "5.2"]
[White "Chen, Tony X"]
[Black "Hoisington, Steve"]
[Result "1/2-1/2"]
[WhiteElo "1934"]
[BlackElo "1814"]

1. f4 d5 2. Nf3 Nf6 3. e3 c5 4. b3 e6 5. Bb2 Be7 6. Bd3 Nc6 7. a3 Bd7 8. O-O
O-O 9. Ne5 Nxe5 10. fxe5 Ne4 11. Rf3 f5 12. exf6 Bxf6 13. Bxf6 Nxf6 14. Qe1 e5
15. e4 d4 16. a4 Qe7 17. Na3 Nh5 18. Rxf8+ Rxf8 19. Be2 Nf4 20. Bf3 Qg5 21.
Nc4 b6 22. Qg3 Qxg3 23. hxg3 Ng6 24. Bh5 Re8 25. Rf1 Re7 26. Nd6 Bc6 27. d3
Rd7 28. Nc4 Re7 29. Rf5 b5 30. axb5 Bxb5 31. Bxg6 hxg6 32. Rxe5 Rxe5 33. Nxe5
a5 34. Nxg6 a4 35. bxa4 Bxa4 36. Nf4 Bxc2 37. Ne6 Bxd3 38. Nxc5 Bc4 39. Kf2
Kf7 40. Kf3 Kf6 41. Kf4 g5+ 42. Kf3 Ke5 43. Na4 {#d} 1/2-1/2